000 01291nam a2200205Ia 4500
003 Ost
005 20260507075802.0
008 260507s9999||||xx |||||||||||||| ||und||
020 _a9789947915806
040 _cfsecg
041 _aara
082 _a658.8
100 _aالفقي، إبراهيم
_eمؤلف
245 0 _aأسرار التسويق الإستراتيجي /
_c إبراهيم الفقي
260 _aمصر :
_bبداية للانتاج والنشر والتوزيع;دار الوسيط للطباعة والنشر والتوزيع,
_c2014
300 _a160 صفحة؛
_bإيضاحات ؛
_c22 سم
520 _aيضم ماهو التسويق، ماذا تعني المهارات الشخصية، قوانين العقل الباطن وتأثيرها في التسويق، ديناميكية التكييف العصبي، التسويق الإستراتيجي، قوانين التسويق، أنواع التسويق، جذور التسويق الاستراتيجي، التسويق الاستراتيجي المختلط، تصميم المطبوعات والدعاية ، التسويق المباشر لغة الحياة المستقبلية، المزيج التسويقي، إدارة مزيج المنتجات.
653 _aالتسويق
942 _cكتاب
999 _c46313
_d46313